000
00482nam a2200181Ia 4500
008
100917s9999 xx 000 0 und d
082
_b
39076
100
_a
आळेकर सतीश
245
_a
झुलता पूल
260
_b
नीलकंठ प्रकाशन
_c
1973
300
_a
55
365
_b
4
520
_a
नाटक
630
_a
झुलता पूल
650
_a
नाटक
730
_a
झुलता पूल
942
_c
BOOK
999
_c
644470
_d
644467